000
00268nam a2200121Ia 4500
008
190216s9999||||xx |||||||||||||| ||und||
100
_a
Sivaji Simh
245
0
_a
Hindi Chamba
260
_b
Raja Deep Prakashan
_c
2008
300
_a
128
650
_a
Hindi
942
_c
BK
999
_c
16584
_d
16584